The stress-strain analysis of the road bridge

Saved in:
Bibliographic Details
Main Author: Kumartas, Semih Kaan (Author)
Other Authors: Garan, Martin (Thesis advisor)
Format: Manuscript Book
Language:Slovak
English
Published: 2019
Subjects:
Online Access:http://is.stuba.sk/zp/portal_zp.pl?podrobnosti=147837
Tags: Add Tag
No Tags, Be the first to tag this record!

MARC

LEADER 00000ntm a22000003a 4500
001 stuzp73311
003 SK-STU
005 20190608211643.1
007 ta
008 150427s2015----xo-----f-mn---000-0-slo-d
040 |a STU  |b slo 
041 0 |a eng 
100 1 |a Kumartas, Semih Kaan  |u 020010  |4 aut  |U SjF Strojnícka fakulta  |T SjF Ústav aplikovanej mechaniky a mechatroniky  |X 95724  |U J0010  |Y 801  |7 95724 
242 0 1 |a Napäťovo deformačná analýza cestného mosta  |y slo 
245 1 0 |a The stress-strain analysis of the road bridge 
260 |c 2019 
650 4 |a cestný most  |2 slo 
650 4 |a napäťovo-deformačná analýza  |2 slo 
650 4 |a Ansys  |2 slo 
650 4 |a road bridge  |2 eng 
650 4 |a stress-strain analysis  |2 eng 
650 4 |a Ansys  |2 eng 
700 1 |a Garan, Martin  |u 020010  |k Z1  |4 ths  |U SjF Strojnícka fakulta  |T SjF Ústav aplikovanej mechaniky a mechatroniky  |X 10008  |U J0010  |Y 801  |7 A000010008 
856 4 |u http://is.stuba.sk/zp/portal_zp.pl?podrobnosti=147837